000
00237nam a2200097Ia 4500
008
240331s9999 xx 000 0 und d
082
_b
Thi
100
_a
Thirunavukkarasu, V
245
0
_a
Perinavathathin Alive Illankaiyin Vidivu
942
_c
L
999
_c
2337
_d
2337